Statistics for UFC FIGHTER BY PICTURE

Click here to take the quiz!

General Stats

  • This quiz has been taken 1,010 times
  • The average score is 9 of 16

Answer Stats

Answer% Correct
Jose Aldo
85%
Robert Whittaker
84%
Marlon Vera
80%
Sergei Pavlovich
63%
Umar Nurmagomedov
63%
Darren Till
59%
Edson Barboza
56%
Yair Rodriguez
56%
Jim Miller
55%
Dominick Reyes
54%
Matt Hughes
54%
Frankie Edgar
43%
Forrest Griffin
39%
Mirko Cro Cop
29%
Ovince Saint Preux
21%
Rich Franklin
15%

Score Distribution

Percentile by Number Answered

Percent of People with Each Score

Your Score History

You have not taken this quiz